Statistics for Guess the Band by Picture 1

Click here to take the quiz!

General Stats

  • This quiz has been taken 42 times
  • The average score is 6 of 10

Answer Stats

Answer% Correct
Queen
95%
Green Day
87%
Guns N' Roses
68%
Red Hot Chili Peppers
63%
blink-182
58%
Bon Jovi
58%
Journey
50%
Evanescence
45%
Paramore
42%
Fall Out Boy
11%

Score Distribution

Percentile by Number Answered

Percent of People with Each Score

Your Score History

You have not taken this quiz